• 首页
  • 本馆介绍
  • 公告通知
  • 最新文献
  • 馆藏检索
  • 电子资源
  • 读者导购
  • 参考咨询
  • 我的图书馆
  • 登录
  • 详细信息显示
  • 放入我的书架
  • 预约/预借图书
  • 作者相关作品
  • 分类相关作品
  • 丛书相关作品
  • 出版社相关作品

书目信息

  • 表格格式
  • 工作单格式
  • 卡片格式
题名:
逆全球化态势与中国新全球化方案研究
    
 
作者: 舒展 , 鱼震海 著
分册:  
出版信息: 长春   长春出版社  2021.12
页数: 14, 144页
开本: 24cm
丛书名:
单 册:
中图分类: F114.41 , F124
科图分类:
主题词: 经济全球化--jing ji quan qiu hua--研究--世界 , 中国经济--zhong guo jing ji--经济发展
电子资源:
ISBN: 978-7-5445-6561-5
000 01093nam0 2200277 450
001 CAL 0120227428706
005 20230217093112.0
010    @a978-7-5445-6561-5@dCNY49.00
100    @a20220711d2021 em y0chiy0120 ea
101 0  @achi
102    @aCN@b220000
105    @ay a 000yy
106    @ar
200 1  @a逆全球化态势与中国新全球化方案研究@Ani quan qiu hua tai shi yu zhong guo xin quan qiu hua fang an yan jiu@f舒展, 鱼震海著
210    @a长春@c长春出版社@d2021.12
215    @a14, 144页@d24cm
320    @a有书目 (第138-144页)
330    @a本书主要陈述了面对全球化发展进程受阻的现实困境和越来越不确定的世界, 经历七十年风雨的中国并未退缩, 一如既往地致力于推动全球经济复苏, 促进与广大发展中国家共同发展, 提出破解全球治理困境的中国新全球化方案, 为全球化进程打开了新局面。
606 0  @a经济全球化@Ajing ji quan qiu hua@x研究@y世界
606 0  @a中国经济@Azhong guo jing ji@x经济发展
690    @aF114.41@v5
690    @aF124@v5
701  0 @a舒展@Ashu zhan@4著
701  0 @a鱼震海@Ayu zhen hai@4著
801  0 @aCN@bBJXHZP@c20230228
905    @b1396177-80@dF114.41@e208@f4
    
    逆全球化态势与中国新全球化方案研究/舒展, 鱼震海著.-长春:长春出版社,2021.12
    14, 144页;24cm
    
    
    ISBN 978-7-5445-6561-5:CNY49.00
    本书主要陈述了面对全球化发展进程受阻的现实困境和越来越不确定的世界, 经历七十年风雨的中国并未退缩, 一如既往地致力于推动全球经济复苏, 促进与广大发展中国家共同发展, 提出破解全球治理困境的中国新全球化方案, 为全球化进程打开了新局面。
●
相关链接 在E读中查询图书 在五车中查询图书 在当当中查询图书 在豆瓣中查询图书


正题名:逆全球化态势与中国新全球化方案研究     索取号:F114.41/208         预约/预借

序号 登录号 条形码 馆藏地/架位号 状态 备注
1 1396177   213961774   第一样本阅览室/ [索取号:F114.41/208] 在馆    
2 1396178   213961783   第一借阅区/ [索取号:F114.41/208] 在馆    
3 1396179   213961792   第一借阅区/ [索取号:F114.41/208] 在馆    
4 1396180   213961809   第一借阅区/ [索取号:F114.41/208] 在馆    
唐山师范学院图书馆 欢迎您!
大连网信软件有限公司© 版权所有